LEADER 01448nam--2200409---450- 001 990001070520203316 005 20020417160005.0 035 $a000107052 035 $aUSA01000107052 035 $a(ALEPH)000107052USA01 035 $a000107052 100 $a20020417d1982----km-y0itay0103----ba 101 $aeng 102 $aDE 105 $a||||||||001yy 200 1 $aRepresentations of algebras$eworkshop notes of the Third International Conference on Representations of Algebras, held in Puebla, Mexico, August 4-8, 1980$fedited by M. Auslander and E. Lluis 210 $aBerlin$cSpringer verlag$d1982 215 $aIV, 258 p.$cill.$d24 cm 225 2 $aLecture notes in mathematics$v944 410 $12001$aLecture notes in mathematics$v944 610 $aRappresentazioni$aAlgebra$aCongressi$a1980 676 $a512.72 702 1$aAUSLANDER,$BMaurice 702 1$aLLUIS,$BEmilio 710 10$AInternational Conference on Representation of Algebras <3., Puebla, 1980>$00 801 0$aIT$bsalbc$gISBD 912 $a990001070520203316 951 $a510 LNM 944$b9795 CBS$c510$D00110047 959 $aBK 969 $aSCI 979 $aPATTY$b90$c20020417$lUSA01$h1558 979 $aPATTY$b90$c20020417$lUSA01$h1559 979 $aPATTY$b90$c20020417$lUSA01$h1559 979 $aPATTY$b90$c20020417$lUSA01$h1600 979 $aPATRY$b90$c20040406$lUSA01$h1714 996 $aRepresentations of algebras$980322 997 $aUNISA LEADER 01038nam0-2200349---450 001 990008594740403321 005 20240912142022.0 010 $a978-88-15-11933-9 035 $a000859474 035 $aFED01000859474 035 $a(Aleph)000859474FED01 100 $a20071213d2007----km-y0itay50------ba 101 1 $aita 102 $aIT 105 $aa-------001yy 200 1 $aCultura di massa e società italiana$e1936-1954$fDavid Forgacs, Stephen Gundle 210 $aBologna$cil Mulino$d2007 215 $a425 p., [8] c. di tav.$cill.$d22 cm 225 1 $a<>vie della civiltà 610 0 $aSocietà$aItalia$a1936-1954 676 $a306.0945$v21$zita 700 1$aForgacs,$bDavid$0134302 701 1$aGundle,$bStephen$0312765 801 0$aIT$bUNINA$gRICA$2UNIMARC 901 $aBK 912 $a990008594740403321 952 $aIX A 1168$b43046$fFSPBC 952 $a306.09 FORG 01$b2024/10286$fFLFBC 959 $aFSPBC 959 $aFLFBC 996 $aCultura di massa e società italiana$9712698 997 $aUNINA